Piłkarski quiz pochodzeniowy 2! - Statystyki

Ogólne statystyki
  • Ten quiz został rozwiązany 42 razy
  • Średni wynik to 6 z 20
Statystyki odpowiedzi
Piłkarz Kraj pochodzenia % Poprawnych
Jorginho Brazylia
92%
Karim Benzema Algieria
63%
Thiago Alcântara Brazylia
61%
Erik Lamela Hiszpania
45%
Emerson Palmieri Brazylia
42%
Patrick Vieira Senegal
34%
Robin Gosens Holandia
32%
Nampalys Mendy Senegal
32%
David Trezeguet Argentyna
26%
Anthony Martial Gwadelupa
26%
Callum Hudson-Odoi Ghana
18%
Axel Tuanzebe Konga / Demokratyczna Republika Konga
18%
Ilaix Moriba Gwinea
16%
Steven Bergwijn Surinam
16%
Martin Braithwaite Gujana
13%
Lilian Thuram Gwadelupa
13%
Sol Campbell Jamajka
8%
Divock Origi Kenia
8%
Joe Gomez Gambia
5%
Ricardo Pereira Wyspy Zielonego Przylądka
3%
Nie znaleziono quizów pasujących do podanych kryteriów
Rozkład punktacji
Procent ludzi z każdym wynikiem
Percentyl według liczby udzielonych odpowiedzi
Twoja historia wyników
Nie rozwiązałeś tego quizu